| 000 -LEADER |
| fixed length control field |
00544nam a2200169Ia 4500 |
| 008 - FIXED-LENGTH DATA ELEMENTS--GENERAL INFORMATION |
| fixed length control field |
190805s9999||||xx |||||||||||||| ||und|| |
| 020 ## - INTERNATIONAL STANDARD BOOK NUMBER |
| International Standard Book Number |
9780333526101 |
| Terms of availability |
64.99 |
| 082 04 - DEWEY DECIMAL CLASSIFICATION NUMBER |
| Classification number |
510.2462 |
| Item number |
St892 |
| 100 1# - MAIN ENTRY--PERSONAL NAME |
| Personal name |
Stroud, K. A. |
| 245 10 - TITLE STATEMENT |
| Title |
Further Engineering Mathematics : programmes and problems / |
| 250 ## - EDITION STATEMENT |
| Edition statement |
2nd ed. |
| 260 ## - PUBLICATION, DISTRIBUTION, ETC. (IMPRINT) |
| Place of publication, distribution, etc |
Hampshire : |
| Name of publisher, distributor, etc |
Macmillan Education Ltd., |
| Date of publication, distribution, etc |
1990 |
| 300 ## - PHYSICAL DESCRIPTION |
| Extent |
xviii, 1140 p. |
| Other physical details |
: |
| Dimensions |
; 22 cm. |
| 650 #0 - SUBJECT ADDED ENTRY--TOPICAL TERM |
| Topical term or geographic name as entry element |
Engineering mathematics |
| General subdivision |
Programmed instruction |
| 852 ## - LOCATION/CALL NUMBER |
| Location |
|
| 942 ## - ADDED ENTRY ELEMENTS (KOHA) |
| Item type |
Books |